[Event "Mittelrhein Verbandsliga-W 18/19"]
[Site "Nordrheinwestfalen"]
[Date "2018.09.02"]
[Round "1.7"]
[White "Henning, Karl Heinz"]
[Black "Morschel, Steffen"]
[Result "1-0"]
[WhiteElo "1733"]
[BlackElo "1713"]
[PlyCount "65"]
[EventDate "2018.09.02"]
[EventType "team-tourn"]
[EventRounds "11"]
[EventCountry "GER"]
[SourceTitle "EXT 2022"]
[Source "ChessBase"]
[SourceDate "2021.10.06"]
[SourceVersion "1"]
[SourceVersionDate "2021.10.06"]
[SourceQuality "1"]
[WhiteTeam "Brand SF"]
[BlackTeam "Horrem"]
[WhiteTeamCountry "GER"]
[BlackTeamCountry "GER"]

1. c4 Nf6 2. Nc3 g6 3. g3 Bg7 4. Bg2 d6 5. Nf3 0-0 6. 0-0 Nc6 7. a3 Na5 8. d3 c5 9. Rb1 a6 10. b4 Nc6 11. Na4 b5 12. cxb5 axb5 13. Nc3 cxb4 14. Nxb5 Rb8 15. Nbd4 Nxd4 16. Nxd4 Qb6 17. Rxb4 Qc7 18. Rxb8 Qxb8 19. Nc6 Qc7 20. Bd2 d5 21. Qa4 Bb7 22. Rc1 Ra8 23. Qb5 Ra6 24. Bf4 Qd7 25. Nxe7+ Qxe7 26. Rc7 Qxe2 27. Qxb7 Ng4 28. Qc8+ Bf8 29. Rc2 Qe1+ 30. Bf1 Qe6 31. Bh3 h5 32. Bxg4 hxg4 33. Bh6 1-0

[Event "Mittelrhein Verbandsliga-W 17/18"]
[Site "Nordrheinwestfalen"]
[Date "2017.12.03"]
[Round "5.6"]
[White "Fuss, Hubert"]
[Black "Morschel, Steffen"]
[Result "1-0"]
[WhiteElo "1867"]
[BlackElo "1729"]
[PlyCount "33"]
[EventDate "2017.09.10"]
[EventType "team-tourn"]
[EventRounds "11"]
[EventCountry "GER"]
[SourceTitle "EXT 2022"]
[Source "ChessBase"]
[SourceDate "2021.10.06"]
[SourceVersion "1"]
[SourceVersionDate "2021.10.06"]
[SourceQuality "1"]
[WhiteTeam "Alsdorf SVG"]
[BlackTeam "Horrem"]
[WhiteTeamCountry "GER"]
[BlackTeamCountry "GER"]

1. d4 Nf6 2. c4 e6 3. Nf3 Bb4+ 4. Bd2 Bxd2+ 5. Nfxd2 b6 6. e4 Bb7 7. Nc3 d5 8. e5 Nfd7 9. cxd5 exd5 10. Qg4 g6 11. Be2 Nf8 12. f4 f5 13. Qg3 Ne6 14. Nf3 Qe7 15. 0-0 Nc6 16. Nxd5 Ncxd4 17. Bb5+ 1-0

[Event "Mittelrhein Verbandsliga-W 16/17"]
[Site "Nordrheinwestfalen"]
[Date "2017.03.19"]
[Round "9.6"]
[White "Klein, Gernot"]
[Black "Morschel, Steffen"]
[Result "1-0"]
[WhiteElo "1823"]
[BlackElo "1701"]
[PlyCount "47"]
[EventDate "2016.09.11"]
[EventType "team-tourn"]
[EventRounds "11"]
[EventCountry "GER"]
[SourceTitle "EXT 2022"]
[Source "ChessBase"]
[SourceDate "2021.10.06"]
[SourceVersion "1"]
[SourceVersionDate "2021.10.06"]
[SourceQuality "1"]
[WhiteTeam "Aachen PTSV"]
[BlackTeam "Horrem"]
[WhiteTeamCountry "GER"]
[BlackTeamCountry "GER"]

1. e4 e6 2. Qe2 c5 3. Nf3 Nc6 4. g3 e5 5. Bg2 Nf6 6. 0-0 d6 7. c3 Be7 8. d3 Bg4 9. Qc2 Qd7 10. Nbd2 b5 11. a4 b4 12. Nc4 Rb8 13. Bd2 0-0 14. Ne3 Be6 15. Ng5 a5 16. Nxe6 fxe6 17. Bh3 b3 18. Qd1 d5 19. exd5 Nxd5 20. Qe2 Nxe3 21. Bxe3 Bd6 22. Rfd1 Rf6 23. Rd2 Rd8 24. Bg5 1-0